[Event "ch-Frankfurt A"]
[Site "Frankfurt"]
[Date "2023.06.12"]
[Round "6"]
[White "Biegel, Thomas"]
[Black "Brauch, Manfred"]
[Result "1/2-1/2"]
[WhiteElo "1965"]
[BlackElo "1777"]
[PlyCount "86"]
[EventDate "2023.04.24"]
[EventType "swiss"]
[EventCountry "GER"]

1. d4 c5 2. d5 d6 3. g3 g6 4. Bg2 Bg7 5. Nf3 Nf6 6. O-O O-O 7. a4 b6 8. c4 Na6 9. Bd2 Ne4 10. Nc3 Nxd2 11. Nxd2 f5 12. e3 Bd7 13. Re1 Qc8 14. Nb3 Nb4 15. Nc1 a6 16. Nd3 Qc7 17. Nf4 Rae8 18. Qd2 Qc8 19. h4 Kh8 20. e4 Be5 21. Nh3 f4 22. Nxf4 Bxf4 23. gxf4 Bh3 24. Bf3 Bg4 25. Bh1 Bh5 26. f5 gxf5 27. e5 f4 28. e6 f3 29. Kh2 Rf6 30. Rg1 Ref8 31. Rg5 Qe8 32. Rag1 Rf4 33. Rg8+ Rxg8 34. Qxf4 Nd3 35. Qd2 Rxg1 36. Kxg1 Qg6+ 37. Kf1 Qf5 38. b3 Qh3+ 39. Kg1 Qg4+ 40. Kf1 Qxh4 41. Kg1 Qg4+ 42. Kf1 Qh3+ 43. Kg1 Qg4+ 1/2-1/2

[Event "ch-Frankfurt A"]
[Site "Frankfurt"]
[Date "2023.06.12"]
[Round "6"]
[White "Boscher, Hans"]
[Black "Hedrich, Gerd"]
[Result "1/2-1/2"]
[WhiteElo "1648"]
[BlackElo "1335"]
[PlyCount "43"]
[EventDate "2023.04.24"]
[EventType "swiss"]
[EventCountry "GER"]

1. e4 e5 2. Nf3 Nc6 3. Bb5 Nf6 4. d3 Bc5 5. O-O d6 6. Bg5 h6 7. Bh4 g5 8. Bg3 Bg4 9. Nbd2 a6 10. Bxc6+ bxc6 11. h3 Bh5 12. Re1 g4 13. hxg4 Bxg4 14. c3 a5 15. Qa4 Qd7 16. b4 Bb6 17. d4 Nh5 18. Nc4 Nxg3 19. Nxb6 cxb6 20. fxg3 O-O 21. dxe5 b5 22. Qb3 1/2-1/2

[Event "ch-Frankfurt A"]
[Site "Frankfurt"]
[Date "2023.06.12"]
[Round "6"]
[White "Calvi, Stefan"]
[Black "Schmidt, Markus"]
[Result "0-1"]
[WhiteElo "1947"]
[BlackElo "2120"]
[PlyCount "46"]
[EventDate "2023.04.24"]
[EventType "swiss"]
[EventCountry "GER"]

1. e4 c6 2. Nf3 d5 3. exd5 cxd5 4. Ne5 Nc6 5. d4 e6 6. c3 Bd6 7. f4 Nge7 8. Bd3 O-O 9. O-O f6 10. Qh5 Nf5 11. Nxc6 bxc6 12. Na3 g6 13. Qe2 Qc7 14. Bd2 Bd7 15. g4 Ng7 16. c4 e5 17. c5 Be7 18. Rac1 e4 19. Bb1 Qc8 20. g5 Bg4 21. Qe1 Bh3 22. Rf2 fxg5 23. fxg5 Qg4+ 0-1

[Event "ch-Frankfurt A"]
[Site "Frankfurt"]
[Date "2023.06.12"]
[Round "6"]
[White "Diehl, Stefan"]
[Black "Dittenberger, Thomas"]
[Result "1/2-1/2"]
[WhiteElo "1784"]
[BlackElo "2010"]
[PlyCount "48"]
[EventDate "2023.04.24"]
[EventType "swiss"]
[EventCountry "GER"]

1. f4 d5 2. Nf3 g6 3. g3 Bg7 4. Bg2 c5 5. c3 Nc6 6. O-O Nf6 7. d3 O-O 8. a4 b6 9. Na3 Bb7 10. Qe1 a6 11. e4 dxe4 12. dxe4 e6 13. Bd2 Qc7 14. e5 Nd5 15. Nc4 Rfd8 16. Nd6 Bf8 17. Ne4 Na5 18. h4 Nb3 19. Rd1 c4 20. h5 Nc5 21. hxg6 fxg6 22. Nd4 Re8 23. Qe2 Nxe4 24. Bxe4 Bg7 1/2-1/2

[Event "ch-Frankfurt A"]
[Site "Frankfurt"]
[Date "2023.06.12"]
[Round "6"]
[White "Engel, Manfred"]
[Black "Diehl, Felix"]
[Result "1-0"]
[WhiteElo "2234"]
[BlackElo "1780"]
[PlyCount "63"]
[EventDate "2023.04.24"]
[EventType "swiss"]
[EventCountry "GER"]

1. c4 e5 2. Nc3 Nf6 3. g3 Nc6 4. Bg2 Bb4 5. e4 a6 6. Nge2 O-O 7. O-O d6 8. d3 h6 9. h3 Bd7 10. Kh2 Bxc3 11. bxc3 b5 12. cxb5 axb5 13. Be3 Ra4 14. Qc2 Qa8 15. f4 Be6 16. Nc1 b4 17. c4 Qa6 18. Rf2 Nd4 19. Bxd4 exd4 20. Nb3 c5 21. e5 Nh7 22. exd6 Rc8 23. Re1 Bd7 24. Re5 Qb6 25. Qe2 Nf6 26. Re7 Qxd6 27. Qe5 Qc7 28. g4 Ra7 29. g5 hxg5 30. Qxc7 Raxc7 31. fxg5 Nh7 32. Rfxf7 1-0

[Event "ch-Frankfurt A"]
[Site "Frankfurt"]
[Date "2023.06.12"]
[Round "6"]
[White "Erdmann, Stefan"]
[Black "Froehlich Dill, Astrid"]
[Result "0-1"]
[WhiteElo "2127"]
[BlackElo "1768"]
[PlyCount "86"]
[EventDate "2023.04.24"]
[EventType "swiss"]
[EventCountry "GER"]

1. d4 Nf6 2. c4 e6 3. g3 d5 4. Nf3 Bb4+ 5. Bd2 Bxd2+ 6. Nbxd2 O-O 7. Bg2 b6 8. O-O Bb7 9. Qc2 Nbd7 10. b4 dxc4 11. Nxc4 Be4 12. Qb2 Rb8 13. b5 c5 14. Rfd1 Bd5 15. Nfe5 Bxg2 16. Kxg2 Qc7 17. Nc6 Ra8 18. Qc2 a6 19. a4 Nd5 20. e4 Nb4 21. Nxb4 cxb4 22. Qb3 a5 23. Rac1 Qb8 24. e5 Qb7+ 25. f3 Qd5 26. Qd3 Rac8 27. Kh3 Rfd8 28. f4 h6 29. Nd6 Rxc1 30. Rxc1 Nc5 31. Qe3 Nxa4 32. Rc7 b3 33. Qd3 Nc5 34. Qb1 Rxd6 35. dxc5 Rd8 36. cxb6 Qf3 37. Qc1 g6 38. Rd7 Qh5+ 39. Kg2 Qe2+ 40. Kh3 Rxd7 41. Qc8+ Kg7 42. Qxd7 b2 43. f5 gxf5 0-1

[Event "ch-Frankfurt A"]
[Site "Frankfurt"]
[Date "2023.06.12"]
[Round "6"]
[White "Hochmuth, Christian"]
[Black "Uwira, Oliver"]
[Result "1/2-1/2"]
[WhiteElo "2002"]
[BlackElo "2166"]
[PlyCount "110"]
[EventDate "2023.04.24"]
[EventType "swiss"]
[EventCountry "GER"]

1. d4 Nf6 2. c4 g6 3. Nc3 d5 4. cxd5 Nxd5 5. g3 Bg7 6. Bg2 Nxc3 7. bxc3 c5 8. e3 O-O 9. Ne2 Nc6 10. O-O Qa5 11. Qb3 Bg4 12. f3 Be6 13. Qxb7 cxd4 14. cxd4 Bd5 15. Qb2 Bc4 16. f4 Rab8 17. Qc2 Bxe2 18. Qxe2 Rfc8 19. Bd2 Qa4 20. Kh1 Na5 21. Bd5 Rb2 22. Rab1 Rxb1 23. Rxb1 Qd7 24. Be4 Nc4 25. Rc1 Nd6 26. Rxc8+ Qxc8 27. Bd3 Qb7+ 28. Kg1 Qb2 29. Be1 Qa3 30. Qc2 h5 31. Bd2 e6 32. Qb3 Qxb3 33. axb3 Nf5 34. Kf2 Bf8 35. Bc3 Bd6 36. e4 Ne7 37. Bc4 h4 38. Kf3 hxg3 39. hxg3 Kf8 40. g4 Ke8 41. d5 exd5 42. Bxd5 f5 43. Bd4 a5 44. gxf5 gxf5 45. Bb7 Kd7 46. Bc3 Bc7 47. e5 Ke6 48. Be1 Kd7 49. Bh4 Ng6 50. Bf6 Bb6 51. Ba6 Bc5 52. Bd3 Ke6 53. Bc4+ Kd7 54. Bd3 Ke6 55. Bc4+ Kd7 1/2-1/2

[Event "ch-Frankfurt A"]
[Site "Frankfurt"]
[Date "2023.06.12"]
[Round "6"]
[White "Kaliski, Erwin"]
[Black "Bonnaire, Ulrich"]
[Result "1-0"]
[WhiteElo "2203"]
[BlackElo "2135"]
[PlyCount "129"]
[EventDate "2023.04.24"]
[EventType "swiss"]
[EventCountry "GER"]

1. e4 e6 2. d4 d5 3. Nd2 Nf6 4. e5 Nfd7 5. f4 c5 6. Ndf3 Nc6 7. c3 Qb6 8. Be2 cxd4 9. Nxd4 Nxd4 10. cxd4 Bb4+ 11. Kf2 O-O 12. Nf3 f6 13. Kg3 Nb8 14. Be3 Bd7 15. Rc1 Bb5 16. Bxb5 Qxb5 17. Qb3 Qb6 18. exf6 gxf6 19. Rc2 Nc6 20. Rhc1 Rac8 21. Kf2 Ne7 22. Bd2 Bxd2 23. Qxb6 axb6 24. Nxd2 Rxc2 25. Rxc2 Rc8 26. Rc3 Rxc3 27. bxc3 b5 28. Ke3 Nc6 29. Kd3 Kf7 30. Nf1 e5 31. dxe5 fxe5 32. fxe5 Ke6 33. Nd2 Nxe5+ 34. Kd4 b6 35. Nf3 Nc6+ 36. Ke3 Kd6 37. Nd4 Ne5 38. Nxb5+ Kc5 39. Nd4 Ng4+ 40. Kd3 Nxh2 41. Ne6+ Kd6 42. Ng5 h5 43. Kd4 Ng4 44. Nh3 Ne5 45. Nf4 Nc6+ 46. Ke3 Ke5 47. Nxh5 d4+ 48. Kd3 dxc3 49. Kxc3 b5 50. Ng3 Kf4 51. Nf1 Kg4 52. a3 Kf4 53. Kd3 Ke5 54. Nd2 Na5 55. Ke3 Kd5 56. g4 Ke5 57. Kf3 Kd4 58. Kf4 Nc4 59. Nf3+ Kd5 60. g5 Nxa3 61. g6 Ke6 62. Kg5 Nc4 63. Nd4+ Ke7 64. Nf5+ Kf8 65. Kf6 1-0

[Event "ch-Frankfurt A"]
[Site "Frankfurt"]
[Date "2023.06.12"]
[Round "6"]
[White "Klamser, Dietmar"]
[Black "von Wahden, Jens"]
[Result "1/2-1/2"]
[WhiteElo "1733"]
[BlackElo "1810"]
[PlyCount "101"]
[EventDate "2023.04.24"]
[EventType "swiss"]
[EventCountry "GER"]

1. e4 e6 2. d4 d5 3. exd5 exd5 4. c4 Nf6 5. Nf3 Be7 6. Nc3 O-O 7. cxd5 Nxd5 8. Bd3 Re8 9. O-O c6 10. a3 Bg4 11. h3 Bh5 12. Re1 Nd7 13. Nxd5 cxd5 14. Be3 Qb6 15. b4 Nf8 16. Be2 Bf6 17. Rc1 Ne6 18. Qd2 Rad8 19. g4 Bg6 20. g5 Be7 21. Ne5 Bf5 22. Bg4 Bxg4 23. Nxg4 Bd6 24. Kh1 a6 25. Rg1 Nf8 26. h4 Ng6 27. h5 Nh4 28. Qd1 Be7 29. Ne5 g6 30. hxg6 hxg6 31. Qg4 Kg7 32. Rg3 Rh8 33. Rh3 Nf5 34. Rxh8 Rxh8+ 35. Kg2 Rh4 36. Qf3 Rh5 37. Qxd5 Nxe3+ 38. fxe3 Rxg5+ 39. Kf2 Qf6+ 40. Ke2 Rf5 41. Qe4 Rf2+ 42. Kd3 Ra2 43. Nc4 b5 44. Ne5 Rxa3+ 45. Ke2 Bxb4 46. Nf3 Ra2+ 47. Kd3 Qe6 48. Qxe6 fxe6 49. Ke4 Kf6 50. Rc6 Ke7 51. Ke5 1/2-1/2

[Event "ch-Frankfurt A"]
[Site "Frankfurt"]
[Date "2023.06.12"]
[Round "6"]
[White "Klikic, Drazen"]
[Black "Tepedibi, Tayfun"]
[Result "1-0"]
[WhiteElo "1499"]
[BlackElo "1185"]
[PlyCount "123"]
[EventDate "2023.04.24"]
[EventType "swiss"]
[EventCountry "GER"]

1. e4 c6 2. d4 d5 3. Nc3 Bg4 4. Qxg4 Nf6 5. Qg3 e6 6. Bg5 Nbd7 7. e5 h6 8. Bd2 Nh7 9. O-O-O c5 10. Nge2 Qa5 11. Kb1 c4 12. a3 b5 13. Na2 Qa4 14. Bb4 Ng5 15. Qe3 Nb6 16. Nec3 Qa6 17. Bxf8 Rxf8 18. Nb4 Qb7 19. Nxb5 Nc8 20. Nc3 a5 21. Nba2 Rb8 22. Na4 Ne4 23. f3 Nb6 24. Nc5 Nxc5 25. dxc5 Na4 26. b3 cxb3 27. cxb3 Nxc5 28. Nc1 Na4 29. Ka2 Nb6 30. Rd3 Nc4 31. Qe1 Ke7 32. Rc3 Rfc8 33. Bxc4 Rxc4 34. Qd2 a4 35. Rxc4 dxc4 36. Qb4+ Qxb4 37. axb4 Rxb4 38. Ka3 Rb5 39. bxc4 Rxe5 40. Kxa4 g5 41. Nd3 Re2 42. g4 Re3 43. Ne1 e5 44. h3 Kd6 45. Kb4 f6 46. Rf1 Re2 47. Nd3 Rh2 48. Nf2 Kc6 49. c5 Rg2 50. Ne4 Rh2 51. Nxf6 Rxh3 52. Ne4 Rh2 53. Rf2 Rh1 54. Rd2 Rb1+ 55. Kc4 Rc1+ 56. Kb3 Rb1+ 57. Kc2 Rg1 58. Rd3 Rh1 59. Rd6+ Kc7 60. Kd3 h5 61. gxh5 Rxh5 62. Ke3 1-0

[Event "ch-Frankfurt A"]
[Site "Frankfurt"]
[Date "2023.06.12"]
[Round "6"]
[White "Klingler, Stefan"]
[Black "Pham Tran, Phuong Bao"]
[Result "0-1"]
[WhiteElo "1578"]
[BlackElo "1826"]
[PlyCount "98"]
[EventDate "2023.04.24"]
[EventType "swiss"]
[EventCountry "GER"]

1. d3 d5 2. Bf4 c5 3. Nd2 Nc6 4. Ngf3 g6 5. e4 Bg7 6. c3 Nf6 7. Qc2 O-O 8. Be2 b6 9. Rd1 Bb7 10. Ng5 h6 11. Nh3 Qd7 12. Rg1 e5 13. Bg3 g5 14. f3 Nh5 15. f4 Nxf4 16. Nxf4 exf4 17. Bf2 Rae8 18. Kf1 d4 19. h3 f5 20. exf5 Ne7 21. Ne4 Nxf5 22. Bg4 Ne3+ 23. Bxe3 fxe3+ 24. Ke1 Qc7 25. g3 Bxe4 26. dxe4 Qe5 27. Bf5 Rd8 28. c4 Qd6 29. Qe2 Be5 30. Qf3 Qf6 31. h4 Kh8 32. Rh1 Rg8 33. g4 gxh4 34. Ke2 Qg5 35. Kd3 Bg3 36. Rdf1 Qe7 37. b3 a6 38. Rb1 b5 39. cxb5 axb5 40. Rbf1 Kg7 41. Ra1 Ra8 42. Qg2 Rgd8 43. Raf1 Ra3 44. Rb1 c4+ 45. Kc2 Rxa2+ 46. Rb2 Qa3 47. Kc1 Ra1+ 48. Kc2 d3+ 49. Kc3 Qa5+ 0-1

[Event "ch-Frankfurt A"]
[Site "Frankfurt"]
[Date "2023.06.12"]
[Round "6"]
[White "Lauterbach, Ingrid"]
[Black "Ackermann, Robert"]
[Result "1-0"]
[WhiteElo "2004"]
[BlackElo "1687"]
[PlyCount "89"]
[EventDate "2023.04.24"]
[EventType "swiss"]
[EventCountry "GER"]

1. e4 d6 2. d4 g6 3. g3 Bg7 4. Bg2 Nf6 5. c3 O-O 6. Ne2 e5 7. O-O Nc6 8. d5 Ne7 9. Nd2 a5 10. a4 b6 11. Nc4 Nd7 12. f4 Ba6 13. Ne3 f5 14. fxe5 dxe5 15. d6 cxd6 16. exf5 Rc8 17. fxg6 Nf6 18. gxh7+ Kh8 19. Bh3 Rb8 20. Nf5 Nxf5 21. Bxf5 Qc7 22. Be3 Bb7 23. Rf2 Qc6 24. Kf1 Ng4 25. Bxg4 Rxf2+ 26. Kxf2 Qe4 27. Ng1 Qg2+ 28. Ke1 Rf8 29. Qe2 Qc6 30. Bf3 d5 31. Bg2 Qe6 32. Nf3 Re8 33. Ng5 Qe7 34. h4 d4 35. Bxb7 Qxb7 36. Bg1 dxc3 37. bxc3 Qc7 38. Ne4 Rc8 39. Rb1 Qc4 40. Qxc4 Rxc4 41. Ng5 Bh6 42. Be3 Bxg5 43. Bxg5 Kxh7 44. Rxb6 Rxc3 45. Rb5 1-0

[Event "ch-Frankfurt A"]
[Site "Frankfurt"]
[Date "2023.06.12"]
[Round "6"]
[White "Leitzig, Reamonn Franky James"]
[Black "Gutacker, Stephan"]
[Result "1/2-1/2"]
[WhiteElo "1468"]
[BlackElo "1886"]
[PlyCount "59"]
[EventDate "2023.04.24"]
[EventType "swiss"]
[EventCountry "GER"]

1. d4 Nf6 2. c4 e5 3. dxe5 Ng4 4. Bf4 Nc6 5. Nf3 Bb4+ 6. Nbd2 Qe7 7. e3 Ngxe5 8. Nxe5 Nxe5 9. Be2 O-O 10. O-O Bxd2 11. Qxd2 d6 12. b4 Be6 13. Qc3 Ng6 14. Bg3 f5 15. Bf3 Rab8 16. a4 Qf7 17. c5 f4 18. exf4 Nxf4 19. cxd6 cxd6 20. Qd4 g5 21. Qxd6 g4 22. Bd1 Rbd8 23. Qe5 Rd5 24. Qxf4 Qxf4 25. Bxf4 Rxf4 26. Bb3 Re5 27. Bxe6+ Rxe6 28. b5 b6 29. f3 gxf3 30. Rxf3 1/2-1/2

[Event "ch-Frankfurt A"]
[Site "Frankfurt"]
[Date "2023.06.12"]
[Round "6"]
[White "Lenhard, Martin"]
[Black "Orlinski, Wolfgang"]
[Result "1/2-1/2"]
[WhiteElo "2060"]
[BlackElo "1933"]
[PlyCount "104"]
[EventDate "2023.04.24"]
[EventType "swiss"]
[EventCountry "GER"]

1. e4 c6 2. d4 d5 3. f3 dxe4 4. fxe4 e5 5. Nf3 exd4 6. Bc4 Be6 7. Bxe6 fxe6 8. O-O Na6 9. Ng5 Nh6 10. Nxe6 Qe7 11. Rxf8+ Rxf8 12. Nxf8 Kxf8 13. Bxh6 gxh6 14. Qxd4 Qc5 15. Qxc5+ Nxc5 16. Nc3 a5 17. Kf2 Ke7 18. a3 a4 19. Rf1 Rg8 20. g3 b5 21. Ke3 Nb7 22. Rf4 Na5 23. Kd2 Nc4+ 24. Kc1 Rg6 25. Nb1 Rd6 26. b3 axb3 27. cxb3 Ne5 28. Kc2 Nd3 29. Rh4 Ne1+ 30. Kc1 Nd3+ 31. Kc2 Ne1+ 32. Kb2 Nf3 33. Rh5 Ng5 34. a4 b4 35. Kc2 Nf3 36. e5 Ne1+ 37. Kb2 Nd3+ 38. Ka2 Rd5 39. Rxh6 Nc1+ 40. Kb2 Nd3+ 41. Kc2 Ne1+ 42. Kb2 Nd3+ 43. Ka1 Nxe5 44. Rxh7+ Kd6 45. Rh4 c5 46. Rh6+ Kc7 47. h4 Rd3 48. Kb2 Rxg3 49. Nd2 Rg2 50. Kc1 Nd3+ 51. Kd1 Nf2+ 52. Ke1 Nd3+ 1/2-1/2

[Event "ch-Frankfurt A"]
[Site "Frankfurt"]
[Date "2023.06.12"]
[Round "6"]
[White "Lopez Fuertes, Victor"]
[Black "Adair, Robin"]
[Result "0-1"]
[WhiteElo "1660"]
[BlackElo "2022"]
[PlyCount "82"]
[EventDate "2023.04.24"]
[EventType "swiss"]
[EventCountry "GER"]

1. e4 c5 2. c3 d6 3. d4 cxd4 4. cxd4 Bd7 5. Nf3 g6 6. Nc3 Bg7 7. Bc4 e6 8. O-O Ne7 9. Bf4 Nc8 10. Qd2 a6 11. Bh6 O-O 12. Bxg7 Kxg7 13. a4 Nc6 14. Ra3 Nb6 15. Ba2 Na5 16. Qe2 Rc8 17. Nd2 Qe8 18. Qd1 Nbc4 19. Nxc4 Nxc4 20. Bxc4 Rxc4 21. f3 b5 22. Qd3 Qc8 23. axb5 axb5 24. Ne2 b4 25. Raa1 d5 26. Rfc1 Bb5 27. Qd2 dxe4 28. fxe4 Qc6 29. Rxc4 Qxc4 30. Ng3 Kh8 31. Rc1 Qd3 32. Qf2 Kg7 33. Re1 Rd8 34. e5 Qxd4 35. Qxd4 Rxd4 36. Ne4 Bc6 37. Nf2 Rd2 38. Rb1 Re2 39. Rc1 b3 40. Kf1 Bb5 41. Rc5 Rxe5+ 0-1

[Event "ch-Frankfurt A"]
[Site "Frankfurt"]
[Date "2023.06.12"]
[Round "6"]
[White "Martin, Reiner"]
[Black "Raumanns, Niklas"]
[Result "1/2-1/2"]
[WhiteElo "1981"]
[BlackElo "1729"]
[PlyCount "51"]
[EventDate "2023.04.24"]
[EventType "swiss"]
[EventCountry "GER"]

1. d4 Nf6 2. c4 e5 3. dxe5 Ng4 4. e3 Nxe5 5. f4 Ng6 6. Nc3 Bc5 7. Bd3 O-O 8. Nge2 Re8 9. Ne4 Bxe3 10. Bxe3 f5 11. N2c3 d6 12. O-O fxe4 13. Bxe4 c6 14. Qf3 Nd7 15. Rae1 Nf6 16. Bd3 Nh4 17. Qd1 Bf5 18. Bf2 Bxd3 19. Qxd3 Rxe1 20. Rxe1 Ng6 21. Qd2 Qd7 22. Rd1 Qg4 23. g3 Nh4 24. Qe2 Nf3+ 25. Kg2 Nh4+ 26. Kg1 1/2-1/2

[Event "ch-Frankfurt A"]
[Site "Frankfurt"]
[Date "2023.06.12"]
[Round "6"]
[White "Mayer, Frank"]
[Black "Sonntag, Chris"]
[Result "1-0"]
[WhiteElo "2111"]
[BlackElo "1142"]
[PlyCount "69"]
[EventDate "2023.04.24"]
[EventType "swiss"]
[EventCountry "GER"]

1. e4 c5 2. d4 cxd4 3. c3 dxc3 4. Nxc3 Nc6 5. Nf3 e6 6. Bc4 b6 7. O-O Bb7 8. Re1 Bc5 9. a3 Qc7 10. Nd5 Qb8 11. Bf4 e5 12. Be3 Bxe3 13. Rxe3 Nge7 14. Ng5 Nxd5 15. exd5 Nd8 16. Qh5 h6 17. Rg3 g6 18. Qh4 Qd6 19. Ne4 Qe7 20. Nf6+ Kf8 21. Rf3 g5 22. Qh5 d6 23. h4 Rc8 24. Bb3 Ne6 25. dxe6 Bxf3 26. Qxf3 Kg7 27. Nh5+ Kf8 28. Rd1 gxh4 29. Rxd6 Rc7 30. Qa8+ Qe8 31. Rd8 Ke7 32. Rxe8+ Rxe8 33. Qf3 fxe6 34. Ng7 Rf8 35. Qxf8+ 1-0

[Event "ch-Frankfurt A"]
[Site "Frankfurt"]
[Date "2023.06.12"]
[Round "6"]
[White "Mueller, Jens"]
[Black "Grinberg, Igor"]
[Result "1-0"]
[WhiteElo "1413"]
[BlackElo "1428"]
[PlyCount "43"]
[EventDate "2023.04.24"]
[EventType "swiss"]
[EventCountry "GER"]

1. e4 c6 2. Nc3 d5 3. Qf3 dxe4 4. Nxe4 Nf6 5. Bc4 Nbd7 6. Qe3 Qb6 7. Nd6+ Kd8 8. Nxf7+ Ke8 9. Nxh8 Qxe3+ 10. dxe3 Ne5 11. Bb3 e6 12. Nh3 h6 13. f4 Neg4 14. Ng6 Bc5 15. Ke2 b6 16. Ne5 Ba6+ 17. Bc4 b5 18. Bd3 Nxe5 19. fxe5 Ng4 20. Nf4 Ke7 21. Ng6+ Kd7 22. h3 1-0

[Event "ch-Frankfurt A"]
[Site "Frankfurt"]
[Date "2023.06.12"]
[Round "6"]
[White "Nehmert, Ulrich"]
[Black "Enneking, Hermann"]
[Result "1-0"]
[WhiteElo "2218"]
[BlackElo "1757"]
[PlyCount "47"]
[EventDate "2023.04.24"]
[EventType "swiss"]
[EventCountry "GER"]

1. c4 Nf6 2. Nc3 d5 3. cxd5 Nxd5 4. g3 Nxc3 5. bxc3 g6 6. Bg2 c6 7. h4 h5 8. Nf3 Bg7 9. O-O O-O 10. a4 Qc7 11. a5 Rd8 12. d4 e5 13. Qc2 exd4 14. cxd4 Na6 15. Bf4 Qe7 16. Bg5 f6 17. Bf4 Bf5 18. Qb3+ Kh7 19. e4 Bg4 20. Rab1 Rd7 21. Rfe1 c5 22. e5 Bxf3 23. Bxf3 cxd4 24. e6 1-0

[Event "ch-Frankfurt A"]
[Site "Frankfurt"]
[Date "2023.06.12"]
[Round "6"]
[White "Neukirchner, Pascal"]
[Black "Waffenschmidt, Joachim"]
[Result "1-0"]
[WhiteElo "2300"]
[BlackElo "1997"]
[PlyCount "41"]
[EventDate "2023.04.24"]
[EventType "swiss"]
[EventCountry "GER"]

1. Nf3 d5 2. g3 c5 3. Bg2 Nc6 4. d4 e6 5. O-O Nf6 6. c4 dxc4 7. dxc5 Qxd1 8. Rxd1 Bxc5 9. Nbd2 c3 10. bxc3 O-O 11. Nb3 Be7 12. Nfd4 Bd7 13. a4 Rfd8 14. Nb5 Be8 15. Be3 Ng4 16. Bc5 Bf6 17. N3d4 Nge5 18. Nd6 Nxd4 19. cxd4 Nd7 20. Nxb7 Nxc5 21. Nxd8 1-0

[Event "ch-Frankfurt A"]
[Site "Frankfurt"]
[Date "2023.06.12"]
[Round "6"]
[White "Nickel, Jonas"]
[Black "Bittner, Peter"]
[Result "1/2-1/2"]
[WhiteElo "1797"]
[BlackElo "1852"]
[PlyCount "50"]
[EventDate "2023.04.24"]
[EventType "swiss"]
[EventCountry "GER"]

1. e4 c6 2. d4 d5 3. e5 Bf5 4. h4 h5 5. Bd3 Bxd3 6. Qxd3 Qa5+ 7. Nd2 Qa6 8. c4 e6 9. Ngf3 Nh6 10. O-O Be7 11. b3 Nf5 12. g3 Nd7 13. Bb2 Rd8 14. Qc2 O-O 15. a3 Rc8 16. Rac1 b6 17. b4 Qb7 18. Qd3 Nb8 19. Rc2 Qd7 20. Rfc1 dxc4 21. Nxc4 c5 22. bxc5 bxc5 23. Ne3 Nxd4 24. Nxd4 cxd4 25. Rxc8 Rxc8 1/2-1/2

[Event "ch-Frankfurt A"]
[Site "Frankfurt"]
[Date "2023.06.12"]
[Round "6"]
[White "Rabiya, Karim"]
[Black "Zimmer, Gerald"]
[Result "1-0"]
[WhiteElo "1764"]
[BlackElo "1915"]
[PlyCount "73"]
[EventDate "2023.04.24"]
[EventType "swiss"]
[EventCountry "GER"]

1. e4 e6 2. d4 d5 3. e5 c5 4. c3 Qb6 5. Nf3 Nc6 6. Bd3 cxd4 7. O-O dxc3 8. Nxc3 Bd7 9. Be3 Qd8 10. h4 Be7 11. g3 f5 12. Qd2 h5 13. Bg5 Nh6 14. Nb5 Nf7 15. Rfe1 O-O 16. Bxe7 Nxe7 17. Nbd4 g6 18. b4 Nc6 19. Nb3 Qe7 20. a3 b6 21. Rac1 a5 22. b5 Na7 23. Rc7 Rfc8 24. Rec1 Qd8 25. Qc3 Rxc7 26. Qxc7 Bxb5 27. Qb7 Qb8 28. Qe7 Qd8 29. Qxe6 Kg7 30. Bxb5 Nxb5 31. Rc6 Nh8 32. Rxb6 Nc7 33. Rb7 Kh6 34. Qb6 Ne8 35. Qe3+ g5 36. hxg5+ Kg6 37. Nh4# 1-0

[Event "ch-Frankfurt A"]
[Site "Frankfurt"]
[Date "2023.06.12"]
[Round "6"]
[White "Rondonuwu, Grover"]
[Black "Belin, Anton"]
[Result "1-0"]
[WhiteElo "2047"]
[BlackElo "1662"]
[PlyCount "81"]
[EventDate "2023.04.24"]
[EventType "swiss"]
[EventCountry "GER"]

1. d4 d5 2. c4 e6 3. Nc3 c5 4. Nf3 cxd4 5. Nxd4 e5 6. Nf3 e4 7. Nd4 dxc4 8. Qa4+ Qd7 9. Qxc4 Nf6 10. Bg5 Be7 11. Rd1 Na6 12. Bxf6 Bxf6 13. Nxe4 O-O 14. Nxf6+ gxf6 15. e3 Qg4 16. Be2 Qxg2 17. Bf3 Qh3 18. Ke2 Be6 19. Nxe6 Qxe6 20. Qxe6 fxe6 21. Bxb7 Nb4 22. Bxa8 Rxa8 23. Rd7 Rc8 24. Rg1+ Kf8 25. a3 Rc2+ 26. Rd2 Rxd2+ 27. Kxd2 Nc6 28. Rc1 Ne5 29. Rc7 a6 30. Rxh7 Ng4 31. Ke2 f5 32. Ra7 Ne5 33. Rxa6 Ke7 34. b4 Kd7 35. h4 Ng4 36. b5 Nf6 37. a4 Nh5 38. Ra7+ Kd6 39. Ra6+ Kd7 40. Rc6 f4 41. a5 1-0

[Event "ch-Frankfurt A"]
[Site "Frankfurt"]
[Date "2023.06.12"]
[Round "6"]
[White "Rotermund, Verena"]
[Black "Stulken, Dietmar"]
[Result "1-0"]
[WhiteElo "1553"]
[BlackElo "1323"]
[PlyCount "69"]
[EventDate "2023.04.24"]
[EventType "swiss"]
[EventCountry "GER"]

1. e4 c5 2. Nc3 Nc6 3. f4 g6 4. Nf3 Bg7 5. Bc4 e6 6. f5 gxf5 7. d3 Bxc3+ 8. bxc3 d5 9. exd5 exd5 10. Bb3 h6 11. Bf4 Be6 12. Qe2 Nge7 13. Qd2 Ng8 14. O-O Qb6 15. Ba4 Qa5 16. Bxc6+ bxc6 17. Be5 Rh7 18. Nh4 Ne7 19. Qf2 Kd7 20. Rab1 Kc8 21. Rb2 Ng6 22. Nxg6 fxg6 23. Rfb1 Rf7 24. Rb8+ Rxb8 25. Rxb8+ Kd7 26. h3 g5 27. Qe2 Qa4 28. Rb7+ Ke8 29. Rb8+ Kd7 30. d4 cxd4 31. cxd4 Qxa2 32. Qh5 Qa6 33. Qxh6 g4 34. Qh8 c5 35. Qe8# 1-0

[Event "ch-Frankfurt A"]
[Site "Frankfurt"]
[Date "2023.06.12"]
[Round "6"]
[White "Rutsatz, Mario"]
[Black "Reschke, Thomas"]
[Result "0-1"]
[WhiteElo "1912"]
[BlackElo "2129"]
[PlyCount "144"]
[EventDate "2023.04.24"]
[EventType "swiss"]
[EventCountry "GER"]

1. d4 g6 2. e4 c6 3. Nf3 d5 4. Nc3 Bg7 5. Bg5 dxe4 6. Nxe4 Nf6 7. Nxf6+ exf6 8. Be3 Nd7 9. Bc4 Nb6 10. Bb3 Nd5 11. Bd2 O-O 12. O-O Re8 13. c4 Nc7 14. Bc3 b5 15. Ba5 Qd6 16. cxb5 cxb5 17. Rc1 Ne6 18. d5 Ng5 19. Nd4 a6 20. Bc7 Qd7 21. f3 f5 22. h4 Bxd4+ 23. Qxd4 Ne6 24. Qb6 Nxc7 25. Rxc7 Qd8 26. Qc6 Rb8 27. h5 Re7 28. d6 Rd7 29. Re1 Kg7 30. Rc1 Rxc7 31. Qxc7 Bd7 32. Qc3+ f6 33. Qe3 Qb6 34. h6+ Kf8 35. Qxb6 Rxb6 36. Rd1 Rb7 37. Kf2 Be8 38. Ke3 Rd7 39. Be6 Rd8 40. Rd4 Bf7 41. Bxf7 Kxf7 42. Kd3 Ke6 43. Kc3 Rxd6 44. Rb4 Rc6+ 45. Kd3 Rd6+ 46. Ke3 Rc6 47. Kd3 Rd6+ 48. Ke3 g5 49. a4 bxa4 50. Rb7 Rd7 51. Rb6+ Ke5 52. Rxa6 f4+ 53. Ke2 Rb7 54. Ra5+ Ke6 55. Rxa4 Rxb2+ 56. Kf1 Kf7 57. Ra6 Rb1+ 58. Kf2 Rh1 59. Ra7+ Kg6 60. Ra6 Rb1 61. Rc6 Rb7 62. Ke2 Rf7 63. Kd3 Kxh6 64. Ke4 Kg6 65. Ra6 Rd7 66. Ra2 Re7+ 67. Kd4 Kh5 68. Ra6 Kh4 69. Rxf6 Kg3 70. Rf5 h6 71. Rf6 Kxg2 72. Rxh6 Kxf3 0-1

[Event "ch-Frankfurt A"]
[Site "Frankfurt"]
[Date "2023.06.12"]
[Round "6"]
[White "Schulze, Manfred"]
[Black "Ottenburg, Ralph"]
[Result "0-1"]
[WhiteElo "1887"]
[BlackElo "1936"]
[PlyCount "82"]
[EventDate "2023.04.24"]
[EventType "swiss"]
[EventCountry "GER"]

1. e4 e5 2. Bc4 Nf6 3. d4 exd4 4. Nf3 Nc6 5. e5 d5 6. Bb5 Ne4 7. Nxd4 Bc5 8. Be3 O-O 9. Nxc6 bxc6 10. Bxc5 Nxc5 11. Bxc6 Rb8 12. b3 Qe7 13. O-O Qxe5 14. Nd2 Qd6 15. Ba4 Nxa4 16. bxa4 Be6 17. Qf3 Qb4 18. Nb3 Qxa4 19. Nc5 Qxc2 20. Rac1 Qxa2 21. Nxe6 fxe6 22. Qg4 Qa5 23. Qxe6+ Kh8 24. Qd7 Rbd8 25. Qxc7 Qxc7 26. Rxc7 a6 27. Ra1 Ra8 28. Rd7 Rfd8 29. Rxa6 Rac8 30. Rxd8+ Rxd8 31. Kf1 Kg8 32. Ra7 Kf8 33. h4 Re8 34. g3 Re7 35. Rxe7 Kxe7 36. Ke2 Kd6 37. Ke3 Kc5 38. Kd3 d4 39. f4 h5 40. g4 hxg4 41. f5 g3 0-1